Méltányos panaszok
Výzva pre elektráreň Humenné, ktorá mala byť sprevádzkovaná od septembra 1907, aby tak učinila, alebo aspoň oboznámila obyvateľstvo Humenného prečo sa tak zatiaľ nestalo.
| Médium: | Článok |
|---|---|
| Jazyk: | Hungarian |
| Témy: | |
| Zdroj: |
1. Homonna és Vidéke : Vegyes tartalmu közmüvelődési, szépirodalmi és közgazdasági hetilap 1. Roč. 7, č. 46 (14.11.1907) s. 2 |
| LEADER | 01011nab#a2200301#ar4500 | ||
|---|---|---|---|
| 001 | 000073528 | ||
| 003 | SVKKK | ||
| 005 | 19970929xxxxxxx. | ||
| 008 | 06 c xo huno | ||
| FMT | |||
| 038 | |a SVKKK | ||
| 040 | |a SVKKK |b slo |e AACR2 | ||
| 041 | 0 | |a hun | |
| 044 | |a xo |c SK | ||
| 080 | |a 621.31 | ||
| 242 | 1 | 0 | |a Spravodlivé ponosy |
| 245 | 0 | 0 | |a Méltányos panaszok |
| 500 | |a mikrofilm | ||
| 520 | 2 | |a Výzva pre elektráreň Humenné, ktorá mala byť sprevádzkovaná od septembra 1907, aby tak učinila, alebo aspoň oboznámila obyvateľstvo Humenného prečo sa tak zatiaľ nestalo. | |
| 650 | 0 | 4 | |a osvetlenie elektrické - Humenné - zavedenie meškajúce - sťažnosti obyvateľstva - november 1907 - výzva |
| 773 | 0 | |t Homonna és Vidéke : Vegyes tartalmu közmüvelődési, szépirodalmi és közgazdasági hetilap |g Roč. 7, č. 46 (14.11.1907) s. 2 | |
| 957 | |a Humenné | ||
| 958 | |a DG | ||
| 958 | |a SK | ||
| 974 | |a Ba |d 19970929 | ||
| 992 | |a RBX | ||
| BAS | |||
| 998 | |a RETRO | ||